000 01078nam a22002657a 4500
008 081125t xxu||||| |||| 00| 0 eng d
010 _aENG-91825
020 _a9780415480017
_c650.00
035 _aEN-75358
037 _bDBAD / PUB
040 _adpl
_bEnglish
082 _a230.65
100 _aSaran, Prem
245 _aYoga, Bhoga and Ardhanariswara:
_cby Prem Saran
_bindividuality, wellbeing and gender in tantra /
260 _aNew Delhi
_bRoutledge
_c2008
270 _a912-915, Tolstoy House, 15-17, Tolstoy Marg,
_bNew Delhi
_e110001
300 _axv, 242p.
_c25cm (Hb)
500 _aIncludes bibliiographical references and index
650 _aTantrism
_zSouth Asia
650 _aTantric Buddhism
_zSouth Asia
650 _aIndividualism
_xMoral & ethical aspects
650 _aSexism in religion
_xCross-cultural studies
942 _2ddc
_cEN
_mSAR
_h230.65
999 _c19115
_d19115